| 000 | 00573cam a2200205ua 4500 | ||
|---|---|---|---|
| 020 |
_a81-203-0397-0 _cRs 195.00 |
||
| 041 |
_aeng _h |
||
| 082 |
_a658.4038 _bMUR/IN |
||
| 100 | _aMurdick, Robert G . | ||
| 245 |
_aInformation systems for modern management / _cRobert G Murdick. _hTextual Documents |
||
| 250 |
_a3 / _b. |
||
| 260 |
_aNew Delhi : _bPrentice Hall of India Pvt Ltd. , _c2001. |
||
| 300 | _a466 ; . | ||
| 365 | _aRs 195.00 | ||
| 504 | _a | ||
| 700 | 1 | _aClagget, James R . | |
| 700 | 1 | _aRoss , Joe I E . | |
| 942 | _cBK | ||
| 999 |
_c560 _d560 |
||